The Weeknd's Most Streamed Songs - Statistics

General Stats
  • This quiz has been taken 3,225 times
    1,937 since last reset
  • The average score is 11 of 20
Answer Stats
Hint Answer % Correct
4,037,947,056 Blinding Lights
96%
2,999,930,924 Starboy (ft. Daft Punk)
93%
2,156,228,408 The Hills
85%
1,830,767,876 Save Your Tears
78%
1,422,222,751 Save Your Tears (Ariana Grande Remix)
78%
2,027,125,546 Die For You
70%
1,652,972,858 Can't Feel My Face
67%
1,643,787,249 Call Out My Name
62%
854,704,721 After Hours
59%
1,654,118,689 I Feel It Coming (ft. Daft Punk)
58%
1,572,778,731 Earned It
55%
902,722,240 Heartless
51%
917,197,364 Often
46%
903,888,394 Reminder
42%
899,189,395 In Your Eyes
38%
884,733,070 I Was Never There (ft. Gesaffelstein)
33%
872,324,646 Stargirl Interlude (ft. Lana del Rey)
29%
1,180,121,169 Creepin' (ft. Metro Boomin, 21 Savage)
25%
855,599,709 Love Me Harder (ft. Ariana Grande)
23%
859,475,568 Pray For Me (ft. Kendrick Lamar)
23%
No matching quizzes found
Score Distribution
Percent of People with Each Score
Percentile by Number Answered
Your Score History
You have not taken this quiz since the last reset